[Event "Wuerttemberg-ch KT"]
[Site "Stuttgart"]
[Date "2015.08.30"]
[Round "2"]
[White "Holzinger, Eugen"]
[Black "Offergeld, Detlef"]
[Result "1/2-1/2"]
[WhiteElo "2065"]
[BlackElo "1721"]
[PlyCount "39"]
[EventDate "2015.08.29"]
[EventType "swiss"]
[EventRounds "9"]
[EventCountry "GER"]
[SourceTitle "EXT 2017"]
[Source "ChessBase"]
[SourceDate "2016.10.25"]
[SourceVersion "1"]
[SourceVersionDate "2016.10.25"]
[SourceQuality "1"]

1. Nf3 b6 2. c4 Bb7 3. Nc3 Nf6 4. d3 e6 5. e4 d6 6. Be2 Be7 7. 0-0 0-0 8. Bg5 Nbd7 9. Ne1 Ne8 10. Bxe7 Qxe7 11. f4 f5 12. exf5 exf5 13. Bf3 Bxf3 14. Qxf3 Nef6 15. Nc2 Rac8 16. Nd4 Ng4 17. Nd5 Qh4 18. Qh3 Qd8 19. Nc6 Qe8 20. Rae1 1/2-1/2

[Event "Baden-ch op U1600"]
[Site "Haslach im Kinzigtal"]
[Date "2010.06.06"]
[Round "7"]
[White "Offergeld, Detlef"]
[Black "Schell, Felix"]
[Result "1/2-1/2"]
[WhiteElo "1671"]
[BlackElo "1434"]
[PlyCount "66"]
[EventDate "2010.05.31"]
[EventType "swiss"]
[EventRounds "7"]
[EventCountry "GER"]
[SourceTitle "EXT 2011"]
[Source "ChessBase"]
[SourceDate "2010.11.26"]
[SourceVersion "1"]
[SourceVersionDate "2010.11.26"]
[SourceQuality "1"]

1. e4 e5 2. Nf3 Nf6 3. Nc3 Nc6 4. Bb5 d6 5. h3 Bd7 6. 0-0 g6 7. a3 a6 8. Bc4 Bg7 9. d3 0-0 10. Be3 Qc8 11. Kh2 h6 12. Ng1 Kh7 13. Nd5 Nxd5 14. Bxd5 Ne7 15. Ba2 f5 16. f3 f4 17. Bf2 g5 18. d4 h5 19. c3 Bf6 20. Rc1 g4 21. fxg4 hxg4 22. hxg4 Bxg4 23. Nf3 Kg7 24. Rh1 Qe8 25. Kg1 Ng6 26. Qb3 Rb8 27. Re1 Qd7 28. dxe5 Bxe5 29. Ng5 Rh8 30. Rxh8 Nxh8 31. Nf3 Ng6 32. Bd4 Qe7 33. Kf2 Rh8 1/2-1/2

[Event "Baden-ch op U1600"]
[Site "Haslach im Kinzigtal"]
[Date "2010.06.05"]
[Round "6"]
[White "Wissler, Martin"]
[Black "Offergeld, Detlef"]
[Result "1-0"]
[WhiteElo "1594"]
[BlackElo "1671"]
[PlyCount "81"]
[EventDate "2010.05.31"]
[EventType "swiss"]
[EventRounds "7"]
[EventCountry "GER"]
[SourceTitle "EXT 2011"]
[Source "ChessBase"]
[SourceDate "2010.11.26"]
[SourceVersion "1"]
[SourceVersionDate "2010.11.26"]
[SourceQuality "1"]

1. d4 Nf6 2. Nc3 d5 3. Bg5 h6 4. Bh4 Bf5 5. Nf3 e6 6. a3 Be7 7. e3 Nbd7 8. Bd3 Ne4 9. Bxe7 Qxe7 10. Ne2 0-0 11. Ng3 Bh7 12. Nd2 f5 13. f3 Nd6 14. 0-0 Nf6 15. c3 Kh8 16. Qc2 c6 17. Rae1 Qd7 18. e4 fxe4 19. fxe4 dxe4 20. Ndxe4 Ndxe4 21. Nxe4 Nxe4 22. Bxe4 Bxe4 23. Qxe4 Rxf1+ 24. Rxf1 Qd5 25. Qxd5 exd5 26. Rf7 Rb8 27. Kf2 Kg8 28. Re7 a5 29. Kg3 b5 30. Ra7 a4 31. Rc7 Rb6 32. Kg4 Kh7 33. h4 Kg6 34. h5+ Kf6 35. Kf4 Ra6 36. g4 Rb6 37. Rd7 Ra6 38. Rd6+ Kf7 39. Kf5 Ke7 40. Rg6 Kf7 41. Ke5 1-0